Catálogo público

Appropriate Technology for Development, a Discussion and Case Histories, ed by D.D.E. and Laurie Nogg Adler. (Record no. 172168)

MARC details
000 -CABECERA
campo de control de longitud fija 00839nam a2200241Ia 4500
001 - NÚMERO DE CONTROL
campo de control dia_1624
003 - IDENTIFICADOR DEL NÚMERO DE CONTROL
campo de control CHAP
005 - FECHA Y HORA DE LA ÚLTIMA TRANSACCIÓN
campo de control 20251023154732.0
008 - DATOS DE LONGITUD FIJA--INFORMACIÓN GENERAL
campo de control de longitud fija 220117s1979 xx 000 0 und d
010 ## - NÚMERO DE CONTROL DE LA BIBLIOTECA DEL CONGRESO
Número de control de LC 172168
040 ## - FUENTE DE LA CATALOGACIÓN
Centro/agencia transcriptor CHAP
082 ## - NÚMERO DE LA CLASIFICACIÓN DECIMAL DEWEY
Número de clasificación 630.717 E8
100 ## - ENTRADA PRINCIPAL--NOMBRE DE PERSONA
Nombre de persona Evans, Donald D. ed.
9 (RLIN) 151161
245 ## - MENCIÓN DE TÍTULO
Título Appropriate Technology for Development, a Discussion and Case Histories, ed by D.D.E. and Laurie Nogg Adler.
260 ## - PUBLICACIÓN, DISTRIBUCIÓN, ETC.
Lugar de publicación, distribución, etc. Boulder Colorado., Westview.
Fecha de publicación, distribución, etc. 1979
300 ## - DESCRIPCIÓN FÍSICA
Extensión 482 p.
400 ## - MENCIÓN DE SERIE/PUNTO DE ACCESO ADICIONAL--NOMBRE DE PERSONA [OBSOLETO, CAN/MARC], [LOCAL, USA]
Nombre de persona WESTVIEW SPECIAL STUDIES IN SOCIAL, POLITICAL, AND ECONOMIC DEVELOPMENT.
600 ## - PUNTO DE ACCESO ADICIONAL DE MATERIA--NOMBRE DE PERSONA
Nombre de persona Agricultula-Innovaciones Tecnológicas. 2. Desarrollo Rural I. Adler, Laurie N. II. t.
9 (RLIN) 151162
901 ## - ELEMENTOS DE DATOS A LOCAL LDA (RLIN)
a 630.717 E8
902 ## - ELEMENTOS DE DATOS B LOCAL, LDB (RLIN)
a M
905 ## - ELEMENTOS DE DATOS E LOCAL, LDE (RLIN)
a 0000001979 EU ILUS0000000000ING00
942 ## - ELEMENTOS DE PUNTO DE ACCESO ADICIONAL (KOHA)
Tipo de ítem Koha Libro
Fuente del sistema de clasificación o colocación Dewey Decimal Classification
Holdings
Estado de retiro Estado de pérdida Fuente del sistema de clasificación o colocación Estado dañado Restricciones de uso No para préstamo Código de colección Localización permanente Ubicación/localización actual Fecha de adquisición Fuente de adquisición Coste, precio normal de compra Número de inventario Total de préstamos Signatura topográfica completa Código de barras Fecha visto por última vez Número de copia Tipo de ítem Koha
    Dewey Decimal Classification   Préstamo interno   General Ingenieria Agroindustrial Ingenieria Agroindustrial 18/01/2022 Compra Librería F. / R. 25106 (24/09/1990) 1157.50 108840   630.717 E8 dia_1616 18/01/2022 1 Libro